000
00301nam a22001457a 4500
008
210511b ||||| |||| 00| 0 eng d
020
_a
9780737740042
041
_a
eng
080
_a
34
082
_a
34
100
_a
16
101
_a
JUR
245
_a
Government Spending
_c
OPVS
942
_2
udc
_c
BK
999
_c
57185
_d
57185